000 01844cam a2200421 a 4500
001 8951
003 FISKH
005 20260105160425.0
008 020408r20011993nyuab j 001 0 eng
010 _a 2002279699
020 _a0753455072
020 _a9780753455074
040 _aDLC
_cDLC
_dDLC
_beng
050 0 0 _aGB512
_b.T39 2001
082 0 0 _a551.43/2
_221
100 1 _aTaylor, Barbara,
_d1954-
245 1 0 _aMountains and volcanoes /
_cBarbara Taylor.
260 _aNew York :
_bKingfisher,
_c1993.
300 _a30 pages :
_bcolor illustrations ; color map ;
_c24 cm
336 _atext
_btxt
_2rdacontent
337 _aunmediated
_bn
_2rdamedia
338 _avolume
_bnc
_2rdacarrier
440 0 _aYoung discoverers
500 _a"First published in 1993"--T.p. verso.
500 _aIncludes index.
505 0 _aOur changing world -- Deep inside the Earth -- Earthquake! -- Building mountains -- The Himalayas -- Wearing mountains away -- Reading the rocks -- The exploding Earth -- Fire islands -- Fiery rocks -- Hot water -- Amazing mountains.
520 _aDescribes how different types of mountains are formed, the composition of various kinds of rock, volcanic mountains, and the process of erosion. Includes instructions for related projects and demonstrations.
650 0 _aMountains
_vJuvenile literature.
650 0 _aVolcanoes
_vJuvenile literature.
650 1 _aMountains.
650 1 _aVolcanoes.
655 7 _aLiterature.
_2lcgft
_0https://id.loc.gov/authorities/genreForms/gf2014026415
856 4 2 _3Publisher description
_uhttp://www.loc.gov/catdir/description/hm022/2002279699.html
856 4 2 _3Contributor biographical information
_uhttp://www.loc.gov/catdir/enhancements/fy0736/2002279699-b.html
906 _a7
_bcbc
_corigcop
_d2
_encip
_f20
_gy-gencatlg
942 _2ddc
_cBK
_n0
999 _c8951
_d8951